| Tag |
First Indicator |
Second Indicator |
Subfields |
| LEADER |
00000cam a2200000 4500 |
| 001 |
in00000045211 |
| 005 |
20151007071136.0 |
| 008 |
790807s1954 fr ab b 00110 fred |
| 010 |
|
|
|a 55003958
|
| 035 |
|
|
|a (OCoLC)05246885
|
| 035 |
|
|
|9 AAE5397AM
|
| 040 |
|
|
|a DLC
|c GZM
|d GZM
|d TXA
|d UtOrBLW
|
| 049 |
|
|
|a TXAM
|c [303014]
|
| 050 |
0 |
0 |
|a QK101
|b .G3 1954
|
| 092 |
|
|
|a 581.9
|b G274g, 1954
|
| 100 |
1 |
|
|a Gaussen, Henri,
|d 1891-
|
| 245 |
1 |
0 |
|a Geographie des plantes /
|c par Henri Gaussen ... 9 cartes et figures.
|
| 264 |
|
1 |
|a Paris :
|b Librairie A. Colin,
|c 1954.
|
| 300 |
|
|
|a 223 pages :
|b illustrations (maps) diagrams ;
|c 17 cm.
|
| 336 |
|
|
|a text
|b txt
|2 rdacontent
|
| 337 |
|
|
|a unmediated
|b n
|2 rdamedia
|
| 338 |
|
|
|a volume
|b nc
|2 rdacarrier
|
| 490 |
0 |
|
|a Collection Armand Colin (Section de geographie) no. 152
|
| 500 |
|
|
|a "2e edition entierement refondue."
|
| 504 |
|
|
|a "Ouvrages a consulter": pages [206]-207.
|
| 650 |
|
0 |
|a Phytogeography.
|
| 999 |
|
|
|a MARS
|
| 999 |
f |
f |
|s 5e575dcf-5661-396d-9f41-5c86bb3ed439
|i 1b4bbb0e-cff2-3e17-8947-95960d61eea2
|t 0
|
| 952 |
f |
f |
|p ric
|a Texas A&M University
|b Rellis Campus
|c Joint Library Facility
|d Remote Storage
|t 0
|e QK101 .G3 1954
|h Library of Congress classification
|i unmediated -- volume
|m A14800991850
|
| 998 |
f |
f |
|a QK101 .G3 1954
|t 0
|l Remote Storage
|